El aleph /

Guardado en:
Autor Principal: Borges, Jorge Luis
Formato: Libro
Publicado: Buenos Aires : Emecé, 1969
Materias:
Etiquetas: Agregar Etiqueta
Sin Etiquetas, Sea el primero en etiquetar este registro!
LEADER 01652nam a22003135a 4500
001 CEM.cems001141
005 20101123122836.0
008 130507s1969##################000#0#####d
003 CEMS
082 0 4 |a A868.34 
100 1 |a Borges, Jorge Luis 
245 1 0 |a El aleph /  |c Jorge Luis Borges 
260 |a Buenos Aires :  |b Emecé,  |c 1969 
300 |a 179 p. 
505 0 |a El inmortal -- El muerto -- Los teólogos -- Historia del guerrero y de la cautiva -- Biografía de Tadeo Isidoro Cruz (1829-1874) -- Emma Zuns -- La casa de Asterión -- La otra muerte -- Deutsches Requiem -- La busca de Averroes -- El zahir -- La escritura de Dios -- Abenjacán el Bojarí, muerto en su laberinto -- Los dos reyes y los dos laberintos -- La espera -- El hombre en el umbral -- El Aleph -- La intrusa 
653 |a Literatura 
653 |a Literatura argentina 
653 |a Cuento 
653 |a Cuento argentino-siglo 20 
859 |a CEMS  |b BIB. CEMS - 11 de abril  |h A868.34  |i B644  |p 26136.11  |t Ej.10 
859 |a CEMS  |b BIB. CEMS - 11 de abril  |h A868.34  |i B644  |p 3980.75  |t Ej.1 
859 |a CEMS  |b BIB. CEMS - 11 de abril  |h A868.34  |i B644  |p 3981.75  |t Ej.2 
859 |a CEMS  |b BIB. CEMS - 11 de abril  |h A868.34  |i B644  |p 3982.75  |t Ej.3 
859 |a CEMS  |b BIB. CEMS - 11 de abril  |h A868.34  |i B644  |p 3983.75  |t Ej.4 
859 |a CEMS  |b BIB. CEMS - 11 de abril  |h A868.34  |i B644  |p 3984.75  |t Ej.5 
859 |a CEMS  |b BIB. CEMS - 11 de abril  |h A868.34  |i B644  |p 3985.75  |t Ej.6 
859 |a CEMS  |b BIB. CEMS - 11 de abril  |h A868.34  |i B644  |p 3986.75  |t Ej.7 
859 |a CEMS  |b BIB. CEMS - 11 de abril  |h A868.34  |i B644  |p 3987.75  |t Ej.8 
859 |a CEMS  |b BIB. CEMS - 11 de abril  |h A868.34  |i B644  |p 4045.75  |t Ej.9